Codex alimentarius : aliments issus de l'agriculture biologique (Record no. 32517)

MARC details
000 -LEADER
fixed length control field 01040 a2200373 4500
020 ## - NUMERO INTERNATIONAL NORMALISE DES LIVRES
International Standard Book Number 92-5-205475-8
130 ## - VEDETTE PRINCIPALE - TITRE UNIFORME
Language of a work Fr
260 ## - PUBLICATION, DISTRIBUTION, ETC. (IMPRINT)
Place of publication, distribution, etc Rome
260 ## - PUBLICATION, DISTRIBUTION, ETC. (IMPRINT)
Place of publication, distribution, etc Génève
260 ## - PUBLICATION, DISTRIBUTION, ETC. (IMPRINT)
Name of publisher, distributor, etc FAO
260 ## - PUBLICATION, DISTRIBUTION, ETC. (IMPRINT)
Name of publisher, distributor, etc OMS
245 ## - TITLE STATEMENT
Title Codex alimentarius : aliments issus de l'agriculture biologique
260 ## - PUBLICATION, DISTRIBUTION, ETC. (IMPRINT)
Date of publication, distribution, etc 2006
250 ## - EDITION STATEMENT
Edition statement 2ème éd.
300 ## - PHYSICAL DESCRIPTION
Extent VI-67 p.
300 ## - PHYSICAL DESCRIPTION
Other physical details 21 cm
440 ## - SERIES STATEMENT/ADDED ENTRY--TITLE
Title Programme mixte FAO/OMS sur les normes alimentaires
440 ## - SERIES STATEMENT/ADDED ENTRY--TITLE
International Standard Serial Number 1020-2560
650 ## - SUBJECT ADDED ENTRY--TOPICAL TERM
Topical term or geographic name as entry element ALIMENT TRANSFORME
650 ## - SUBJECT ADDED ENTRY--TOPICAL TERM
Topical term or geographic name as entry element AGRICULTURE BIOLOGIQUE
650 ## - SUBJECT ADDED ENTRY--TOPICAL TERM
Topical term or geographic name as entry element SECURITE ALIMENTAIRE ELEVAGE
650 ## - SUBJECT ADDED ENTRY--TOPICAL TERM
Topical term or geographic name as entry element PORCIN
650 ## - SUBJECT ADDED ENTRY--TOPICAL TERM
Topical term or geographic name as entry element ALIMENT SANTE
650 ## - SUBJECT ADDED ENTRY--TOPICAL TERM
Topical term or geographic name as entry element VOLAILLE
650 ## - SUBJECT ADDED ENTRY--TOPICAL TERM
Topical term or geographic name as entry element ALIMENT BIOLOGIQUE
650 ## - SUBJECT ADDED ENTRY--TOPICAL TERM
Topical term or geographic name as entry element ALIMENT D'ORIGINE ANIMALE
710 ## - ADDED ENTRY--CORPORATE NAME
Corporate name or jurisdiction name as entry element ORGANISATION DES NATIONS UNIES POUR L'ALIMENTATION ET L'AGRICULTURE. FAO
710 ## - ADDED ENTRY--CORPORATE NAME
Corporate name or jurisdiction name as entry element ORGANISATION MONDIALE DE LA SANTE. OMS
Holdings
Withdrawn status Lost status Damaged status Not for loan Location (home branch) Sublocation or collection (holding branch) Date acquired Koha issues (times borrowed) Koha full call number Koha date last seen Copy number Price effective from Koha item type Public note
        Bibliothèque-Centre de Documentation de la Faculté des Sciences Agronomiques Bibliothèque-Centre de Documentation de la Faculté des Sciences Agronomiques     NSA.2006.001 28/02/2009 01 28/02/2009 Livre A.9953


© 2008, Bibliothèques de l'Université d'Abomey-Calavi

04 BP 789 Cotonou, Tél. : +229 21 36 01 01, Fax : +229 21 35 06 32

Courriel : bu@bu.uac.bj